Vplyv variability podmienok ošetrovania na dosiahnutý stupeň hydratácie cementu diplomová práca CD

Saved in:
Bibliographic Details
Main Author: Repaská Krestianová, Mária
Format: Software Book
Language:Slovak
Published: Bratislava FCHPT STU 2013
Online Access:View in OPAC
Tags: Add Tag
No Tags, Be the first to tag this record!

MARC

LEADER 00000nam a2200000 a 4500
005 20260127134108.0
007 co ugu uaaua
008 130710 2013 000 0 slo d
035 |a vtls010526302 
039 9 |y 201307101124  |z mschk03 
040 |a STUSCHK1  |b slo  |c STUSCHK1  |e AACR2 
100 1 |a Repaská Krestianová, Mária 
245 1 |a Vplyv variability podmienok ošetrovania na dosiahnutý stupeň hydratácie cementu  |b diplomová práca CD  |c Mária Repaská Krestianová 
260 |a Bratislava  |b FCHPT STU  |c 2013 
300 |a 1 elektronický disk 
500 |a Obhájené: 11.06.2013 
500 |a Štud. odbor: Chemické technológie 
500 |a Miesto vypracovania: Oddelenie keramiky, skla a cementu FCHPT STU 
500 |a Evidenčné číslo: FCHPT-5439-40606 
910 |a SCHK95 
999 |c 3964  |d 3964